[Event "DMP - III LIGA SZACHOWA SENIOROW PK 2020"]
[Site "Bystre"]
[Date "1899-12-30"]
[Round "6.27"]
[White "Wojciechowski, Beniamin"]
[Black "Futyma, Dawid"]
[Result "1-0"]
[WhiteTitle "I"]
[BlackTitle "II+"]
[WhiteElo "1835"]
[BlackElo "1278"]

1. e4 c6 2. d4 d5 3. e5 Bf5 4. h4 h6 5. g4 Bh7 6. e6 fxe6 7. Bd3 Bxd3 8. Qxd3 Nf6
9. Bf4 Qb6 10. b3 Na6 11. c3 O-O-O 12. f3 c5 13. Ne2 c4 14. Qc2 Qc6 15. a4 e5
16. dxe5 Nxg4 17. Qf5+ e6 18. Qxg4 cxb3 19. O-O Bc5+ 20. Kh1 g5 21. Bh2 gxh4 22.
Nd2 b2 23. Ra2 Rdg8 24. Qxh4 Qe8 25. Rxb2 Qg6 26. Nf4 Qf5 27. Qh3 Qg5 28. Nxe6
1-0

[Event "DMP - III LIGA SZACHOWA SENIOROW PK 2020"]
[Site "Bystre"]
[Date "1899-12-30"]
[Round "6.30"]
[White "Kruczek, Aleksandra"]
[Black "Krzysztynska, Anna"]
[Result "0-1"]
[WhiteTitle "II"]
[BlackTitle "I++"]
[WhiteElo "1038"]
[BlackElo "1857"]

1. d4 c5 2. Bf4 cxd4 3. Qxd4 Nc6 4. Qd2 e5 5. Bg3 d5 6. e4 d4 7. Bb5 f6 8. Ne2
Qb6 9. a4 a6 10. Bxc6+ bxc6 11. b3 Nh6 12. h3 Be6 13. a5 Qb7 14. Qd3 Be7 15. O-O
O-O 16. Nd2 Qb5 17. Rfc1 Rab8 18. Nxd4 exd4 19. Bxb8 Rxb8 20. Qxd4 Rd8 21. Qe3
Bc5 22. Qf4 Bd4 23. c3 Be5 24. Qe3 Qd3 25. Nf3 Qxe3 26. fxe3 Bxb3 27. Rab1 Bc4
28. Rb4 Be2 29. Rb6 c5 30. Nxe5 fxe5 31. c4 Ra8 32. Rc6 Nf7 33. Rxc5 Bd3 34. Rd1
Bxe4 35. Rc7 Bf5 36. c5 Kf8 37. Rf1 Be6 38. c6 Rc8 39. Rxc8+ Bxc8 40. Rd1 Ke7
41. Rb1 Kd6 42. Rb8 Kc7 43. Ra8 Nd6 44. Ra7+ Kxc6 45. Rxg7 Bf5 46. g4 Be4 47.
Ra7 Kb5 48. Re7 Nc4 49. h4 Kxa5 50. g5 Kb4 51. h5 Nd2 52. g6 hxg6 53. h6 g5 54.
Kf2 Nc4 55. Kg3 a5 56. Rb7+ Kc3 57. Ra7 Kd3 58. Kf2 g4 59. Rd7+ Kc3 60. Rg7 a4
61. Rxg4 Bf5 62. Rg5 Bc2 63. Rg1 a3 64. Kf3 Nd2+ 65. Ke2 Bd3+ 66. Kf2 Ne4+ 67.
Kf3 Nf6 68. Ra1 Kb2 69. Rxa3 Kxa3 70. Kf2 Ng4+ 71. Ke1 Nxh6 72. Kd2 e4 73. Ke1
Ng4 74. Kd2 Kb3 75. Ke1 Nxe3 76. Kd2 Ng2 77. Kd1 e3 78. Kc1 e2 79. Kd2 e1=Q+ 80.
Kxd3 Qe3# 81. Kd4 0-1

[Event "DMP - III LIGA SZACHOWA SENIOROW PK 2020"]
[Site "Bystre"]
[Date "1899-12-30"]
[Round "7.1"]
[White "Kopczyk, Daniel"]
[Black "Stefanski, Robert"]
[Result "1-0"]
[WhiteTitle "k"]
[BlackTitle "k"]
[WhiteElo "2137"]
[BlackElo "1649"]

1. Nf3 Nf6 2. c4 e6 3. g3 d5 4. Bg2 c5 5. O-O Be7 6. cxd5 exd5 7. d4 O-O 8. Nc3
Nc6 9. Bf4 Nh5 10. Be3 c4 11. Ne5 Be6 12. f4 f5 13. Nxc4 Nxd4 14. Ne5 Nc6 15.
Nxd5 Nf6 16. Nxc6 bxc6 17. Nxe7+ Qxe7 18. Qc2 Rfd8 19. Bc5 Qe8 20. Bf3 Nd5 21.
e4 fxe4 22. Bxe4 Nf6 23. Bg2 Qh5 24. Rae1 Bd5 25. Re5 Qf7 26. b3 Ng4 27. Re7 Qh5
28. h3 Bxg2 29. Kxg2 Qd5+ 30. Kg1 Nf6 31. Re5 Qd3 32. Qxd3 Rxd3 33. Re3 Rad8 34.
Bxa7 Rd2 35. Rf2 Rxf2 36. Kxf2 Rd2+ 37. Re2 Ne4+ 38. Ke3 Rxe2+ 39. Kxe2 Nxg3+
40. Kd3 Kf7 41. Bd4 Nf5 42. a4 Ke6 43. a5 Kd7 44. a6 Kc7 45. Bc5 g6 46. Ke4 Ng3+
47. Ke5 Ne2 48. f5 gxf5 49. Kxf5 Ng3+ 50. Kf4 Ne2+ 51. Kg5 Ng3 52. Bd6+ Kd7 1-0

[Event "DMP - III LIGA SZACHOWA SENIOROW PK 2020"]
[Site "Bystre"]
[Date "1899-12-30"]
[Round "7.2"]
[White "Socha, Kamil"]
[Black "Mrozowski, Patryk"]
[Result "0-1"]
[WhiteTitle "I"]
[BlackTitle "I++"]
[WhiteElo "1817"]
[BlackElo "2065"]

1. d4 Nf6 2. Nf3 c5 3. d5 d6 4. Nc3 g6 5. e4 Bg7 6. Be2 O-O 7. h3 Bd7 8. a4 Na6
9. O-O Nc7 10. Nd2 Qb8 11. f4 b5 12. axb5 Nxb5 13. Nxb5 Bxb5 14. c4 Bd7 15. Bd3
Re8 16. Nf3 Bc8 17. f5 Nd7 18. e5 Nxe5 19. Ng5 Rf8 20. fxg6 fxg6 21. Rxf8+ Bxf8
22. Ra3 Bg7 23. Bb1 Bd7 24. Rg3 Qf8 25. Nxh7 Kxh7 26. Qh5+ Kg8 27. Bxg6 Nxg6 28.
Qxg6 Qf7 29. Qg5 Rf8 30. h4 Qf6 0-1

[Event "DMP - III LIGA SZACHOWA SENIOROW PK 2020"]
[Site "Bystre"]
[Date "1899-12-30"]
[Round "7.7"]
[White "Zgoda, Damian"]
[Black "Piekarski, Lukasz"]
[Result "1-0"]
[WhiteTitle "I"]
[BlackTitle "I"]
[WhiteElo "1672"]
[BlackElo "1901"]

1. d4 Nf6 2. Bg5 g6 3. Bxf6 exf6 4. e3 Bg7 5. Ne2 d5 6. g3 c6 7. Bg2 O-O 8. O-O
Re8 9. Nd2 Na6 10. c4 dxc4 11. Nxc4 Be6 12. Rc1 Bd5 13. Nf4 Bxg2 14. Kxg2 Bh6
15. Nd3 Qd5+ 16. Qf3 Rad8 17. a3 b6 18. Rfd1 Qxf3+ 19. Kxf3 Rd5 20. Nd2 c5 21.
Nb3 cxd4 22. Nxd4 Red8 23. Rc6 Nc5 24. Nb4 R5d7 25. Rxf6 Ne6 26. Nbc6 Rc8 27.
Nxe6 Rxd1 28. Ne7+ Kh8 29. Nxc8 fxe6 30. Rxe6 1-0

[Event "DMP - III LIGA SZACHOWA SENIOROW PK 2020"]
[Site "Bystre"]
[Date "1899-12-30"]
[Round "7.8"]
[White "Pasionek, Ariel"]
[Black "Smusz, Kamil"]
[Result "0-1"]
[WhiteTitle "I"]
[BlackTitle "I"]
[WhiteElo "1914"]
[BlackElo "1922"]

1. e4 e5 2. Nf3 Nc6 3. Bc4 Nf6 4. d4 exd4 5. O-O Nxe4 6. Re1 d5 7. Bxd5 Qxd5 8.
Nc3 Qc4 9. Nxe4 Be6 10. b3 Qd5 11. Bg5 Ba3 12. Bf6 O-O 13. Nxd4 Nxd4 14. Qxd4
Qxd4 15. Bxd4 Rfd8 16. Bc5 Bxc5 17. Nxc5 Bd5 18. f3 Kf8 19. Kf2 a5 20. a3 b6 21.
Nd3 Bxb3 22. cxb3 Rxd3 23. Re3 Rad8 24. Rae1 Rxe3 25. Rxe3 Re8 26. Rc3 Re7 27.
a4 Ke8 28. h4 c5 29. g4 Kd7 30. Kg3 Kc6 31. Kf4 b5 32. h5 bxa4 33. bxa4 Rd7 34.
g5 Rd4+ 35. Kf5 Rh4 36. Re3 Rxh5 37. Kg4 Rh1 38. Re7 h6 39. gxh6 Rxh6 40. Rxf7
Rg6+ 41. Kh5 Rg3 42. f4 c4 43. Rf5 g6+ 0-1

[Event "DMP - III LIGA SZACHOWA SENIOROW PK 2020"]
[Site "Bystre"]
[Date "1899-12-30"]
[Round "7.9"]
[White "Kasperek, Rafal"]
[Black "Wojciechowski, Beniamin"]
[Result "1/2-1/2"]
[WhiteTitle "I++"]
[BlackTitle "I"]
[WhiteElo "1982"]
[BlackElo "1835"]

1. c4 c6 2. g3 Nf6 3. Bg2 d5 4. cxd5 cxd5 5. Nf3 e6 6. O-O Be7 7. d4 Nc6 8. Nc3
O-O 9. Bf4 a6 10. Ne5 Bd7 11. Rc1 Rc8 12. Nxc6 Bxc6 13. Re1 Qd7 14. Qd3 Rfd8 15.
h4 b5 16. Bg5 1/2-1/2

[Event "DMP - III LIGA SZACHOWA SENIOROW PK 2020"]
[Site "Bystre"]
[Date "1899-12-30"]
[Round "7.10"]
[White "Krynicki, Henryk"]
[Black "Mikula, Michal"]
[Result "0-1"]
[WhiteTitle "I+"]
[BlackTitle "I"]
[WhiteElo "1661"]
[BlackElo "1858"]

1. e4 c5 2. Nf3 g6 3. d4 cxd4 4. Qxd4 Nf6 5. e5 Nc6 6. Qh4 Nxe5 7. Nxe5 Qa5+ 8.
Nc3 Qxe5+ 9. Be2 Qa5 10. O-O Bg7 11. f4 d6 12. g4 Bd7 13. f5 gxf5 14. gxf5 O-O-O
15. Qf2 Bc6 16. Bd2 Rhg8 17. h3 Bh6+ 18. Be3 Kb8+ 0-1

[Event "DMP - III LIGA SZACHOWA SENIOROW PK 2020"]
[Site "Bystre"]
[Date "1899-12-30"]
[Round "7.12"]
[White "Krzysztynska, Anna"]
[Black "Zgoda, Aleksandra"]
[Result "1/2-1/2"]
[WhiteTitle "I++"]
[BlackTitle "II+"]
[WhiteElo "1857"]
[BlackElo "1203"]

1. e4 c5 2. c3 e6 3. d4 cxd4 4. cxd4 Nc6 5. Nc3 a6 6. Be3 b5 7. d5 exd5 8. exd5
Ne5 9. f4 Ng6 10. d6 Bb7 11. Nf3 Qf6 12. Qe2 Qxd6 13. Rd1 Qf6 14. g3 N8e7 15.
Bh3 Bc6 16. Bd4 Bxf3 17. Qxf3 Qc6 18. Bxd7+ Kxd7 19. Be5+ Ke8 20. Qxc6+ Nxc6 21.
Nd5 Rd8 22. Bc7 Rc8 23. Bb6 Bd6 24. Kf2 Nce7 25. Rhe1 Bc5+ 26. Bxc5 Rxc5 27. f5
Kf8 28. Nxe7 Ne5 29. Nd5 f6 30. Nb4 Kf7 31. Nxa6 Rc2+ 32. Re2 Ng4+ 33. Ke1 Rxe2+
34. Kxe2 Re8+ 35. Kf3 Ne5+ 36. Kg2 Rc8 37. Nb4 Rc4 38. a3 Rc5 39. Rd2 Ng4 40.
Kf3 Ne5+ 41. Ke4 g6 42. fxg6+ hxg6 43. Rc2 f5+ 44. Kf4 Rxc2 45. Nxc2 Nd3+ 46.
Ke3 Nxb2 47. Kd4 Ke6 48. Ne3 g5 49. Kc3 Na4+ 50. Kb4 Nb2 51. Ng2 Nc4 52. a4 bxa4
53. Kxc4 a3 54. Kb3 Ke5 55. Kxa3 f4 56. gxf4+ gxf4 57. Ne1 Kf5 58. h3 Kg5 59.
Nf3+ Kf5 60. Kb4 Ke4 1/2-1/2

[Event "DMP - III LIGA SZACHOWA SENIOROW PK 2020"]
[Site "Bystre"]
[Date "1899-12-30"]
[Round "7.13"]
[White "Miasik, Adrian"]
[Black "Dobrzanski, Krzysztof"]
[Result "1-0"]
[WhiteTitle "I++"]
[BlackTitle "II+"]
[WhiteElo "1881"]
[BlackElo "1722"]

1. d4 d5 2. c4 c6 3. Nc3 Nf6 4. Nf3 e6 5. Bg5 Nbd7 6. e3 Be7 7. Bd3 O-O 8. O-O
dxc4 9. Bxc4 Nd5 10. Bxe7 Qxe7 11. e4 Qb4 12. Bxd5 exd5 13. exd5 Qxb2 14. Qd3
Nf6 15. dxc6 bxc6 16. Ne5 Qb6 17. Rab1 Qc7 18. Rfc1 Be6 19. Nb5 Qa5 20. Nxc6 Qxa2
21. Nc7 Nd5 22. Ra1 Nf4 23. Qf3 Ne2+ 24. Kh1 Nxc1 25. Rxa2 Nxa2 26. Nxa8 a5 27.
Nc7 Nb4 28. Ne7+ 1-0

[Event "DMP - III LIGA SZACHOWA SENIOROW PK 2020"]
[Site "Bystre"]
[Date "1899-12-30"]
[Round "7.15"]
[White "Babiarz, Arkadiusz"]
[Black "Zajac, Karol"]
[Result "1-0"]
[WhiteTitle "I++"]
[BlackTitle "I"]
[WhiteElo "1840"]
[BlackElo "1652"]

1. e4 e5 2. Nf3 Nc6 3. Bb5 a6 4. Ba4 Nf6 5. Qe2 d6 6. c3 g6 7. d4 b5 8. Bb3 Bg7
9. a4 Rb8 10. O-O O-O 11. Re1 Re8 12. Ng5 Rf8 13. Nf3 Re8 14. Nbd2 Nh5 15. dxe5
Nxe5 16. Nxe5 Bxe5 17. Nf3 Nf4 18. Bxf4 Bxf4 19. axb5 axb5 20. Nd4 Bd7 21. Ra7
c5 22. Bxf7+ Kh8 23. Bxe8 Qxe8 24. Nf3 Be6 25. g3 Bh6 26. Qd3 Rd8 27. e5 Bf5 28.
Qd5 dxe5 29. Rxe5 Qg8 30. Qxg8+ Kxg8 31. Kg2 Bc1 32. Ree7 Bxb2 33. Rg7+ Kf8 34.
Raf7+ Ke8 35. Ng5 1-0

[Event "DMP - III LIGA SZACHOWA SENIOROW PK 2020"]
[Site "Bystre"]
[Date "1899-12-30"]
[Round "7.19"]
[White "Kopacz, Lukasz"]
[Black "Lorenc, Marian"]
[Result "1/2-1/2"]
[WhiteTitle "I+"]
[BlackTitle "k"]
[WhiteElo "1913"]
[BlackElo "2124"]

1. c4 e5 2. g3 Nf6 3. Bg2 Nc6 4. d3 d5 5. cxd5 Nxd5 6. Nf3 Be7 7. O-O Be6 8. Nc3
Nb6 9. Be3 O-O 10. a3 f6 11. Ne4 Nd4 12. Bxd4 exd4 13. Qc2 Qd7 14. Nc5 Bxc5 15.
Qxc5 Rad8 16. Rac1 c6 17. Rfe1 Rfe8 18. Qa5 Nc8 19. Nd2 Qf7 20. Ne4 Bd5 21. Qd2
Nd6 22. Nxd6 Rxd6 23. Bxd5 Rxd5 24. e4 dxe3 25. Rxe3 Rxe3 26. Qxe3 a6 27. Re1
Qd7 28. Qe8+ Qxe8 29. Rxe8+ Kf7 30. Rb8 Rb5 31. b4 h5 32. h4 Ke6 33. Kf1 g5 34.
hxg5 fxg5 35. Rh8 g4 36. Ke2 Re5+ 37. Kd2 Rf5 38. Ke2 a5 39. Rh7 b6 40. Rb7 Rb5
41. bxa5 bxa5 42. Ra7 Kd6 43. Rh7 Re5+ 44. Kd2 Kc5 45. Kc3 Rf5 46. Kd2 Re5 47.
Rf7 Kb5 48. Rf4 1/2-1/2

[Event "DMP - III LIGA SZACHOWA SENIOROW PK 2020"]
[Site "Bystre"]
[Date "1899-12-30"]
[Round "7.20"]
[White "Marciniak, Leonard"]
[Black "Baniak, Lukasz"]
[Result "1/2-1/2"]
[WhiteTitle "I+"]
[BlackTitle "I++"]
[WhiteElo "1672"]
[BlackElo "1939"]

1. e4 c5 2. Nf3 g6 3. d4 cxd4 4. Nxd4 Nc6 5. c4 d6 6. Be3 Nf6 7. f3 Bg7 8. Qd2
O-O 9. Nc3 Nxd4 10. Bxd4 Bd7 11. Be2 Qa5 12. O-O-O Rfc8 13. Kb1 Be6 14. b3 a6
15. Qb2 Rab8 16. Nd5 Bxd5 17. cxd5 Rc7 18. b4 Qa4 19. Rc1 Rbc8 20. Rxc7 Rxc7 21.
Rc1 Rxc1+ 22. Kxc1 Qd7 23. b5 axb5 24. Bxb5 Qc7+ 25. Kd2 Qa5+ 26. Ke2 Bh6 27.
a4 Bf4 28. g3 Bh6 29. g4 Bf4 30. h3 h5 31. Bxf6 exf6 32. gxh5 Qb6 33. Qc3 gxh5
34. Bd7 Qg1 35. Bf5 Kg7 36. Bd7 Qg2+ 37. Kd1 Qf1+ 38. Kc2 Qe2+ 39. Kb3 Be5 40.
Qc2 Qxf3+ 41. Ka2 Qf1 42. Kb3 Qg1 43. Ka2 Qa1+ 44. Kb3 Kh7 45. Bf5+ Kg8 46. Qg2+
Kf8 47. Qc2 Bd4 48. Qc8+ Kg7 49. Qc2 Bc5 50. Qb2 Qf1 51. Qc2 Kf8 52. Ka2 Qf3 53.
Qb3 Qe2+ 1/2-1/2

[Event "DMP - III LIGA SZACHOWA SENIOROW PK 2020"]
[Site "Bystre"]
[Date "1899-12-30"]
[Round "7.21"]
[White "Biesiadecki, Adam"]
[Black "Klok, Kacper"]
[Result "1/2-1/2"]
[WhiteTitle "I"]
[BlackTitle "I"]
[WhiteElo "1539"]
[BlackElo "1463"]

1. d4 Nf6 2. Nf3 e6 3. c4 d5 4. g3 Be7 5. Bg2 O-O 6. O-O c6 7. Qc2 dxc4 8. Qxc4
Qd5 9. Qxd5 exd5 10. Bg5 Bf5 11. Nc3 h6 12. Bxf6 Bxf6 13. e3 Nd7 14. Rac1 Rac8
15. Rfd1 Rfe8 16. a4 Bg4 17. h3 Bf5 18. g4 Bh7 19. Ne2 Be4 20. Ng3 Bh7 21. Bf1
a6 22. Bd3 Bxd3 23. Rxd3 Nb6 24. b3 g6 1/2-1/2

[Event "DMP - III LIGA SZACHOWA SENIOROW PK 2020"]
[Site "Bystre"]
[Date "1899-12-30"]
[Round "7.23"]
[White "Bialek, Filip"]
[Black "Karas, Kacper"]
[Result "0-1"]
[WhiteTitle "II"]
[BlackTitle "II"]
[WhiteElo "1026"]
[BlackElo "1150"]

1. c4 c5 2. Nc3 Nc6 3. g3 g6 4. e3 e5 5. Bg2 Bg7 6. a3 Nge7 7. Nb5 d6 8. Ne2 a6
9. Nbc3 Be6 10. d3 d5 11. cxd5 Nxd5 12. O-O O-O 13. Rb1 Nc7 14. b4 cxb4 15. axb4
Rb8 16. Qc2 Qe7 17. Ba3 Rfd8 18. b5 Qxa3 19. bxc6 bxc6 20. Rxb8 Rxb8 21. Bxc6
Nb5 22. Rb1 Qc5 23. Bxb5 axb5 24. Qd2 b4 25. Na4 Qd6 26. Qb2 Qxd3 27. Nc5 Qd6
28. Nxe6 Qxe6 29. Qb3 Qxb3 30. Rxb3 e4 31. Nd4 Bxd4 32. exd4 f5 33. Kg2 Kf7 34.
f3 Ke6 35. fxe4 fxe4 36. Kf2 Kd5 37. Ke3 Kc4 38. Rb1 b3 39. Kxe4 b2 40. d5 Kc3
41. d6 Kc2 42. Rxb2+ Kxb2 43. Ke5 Kc3 44. Ke6 Kd4 45. d7 Ke4 46. Ke7 Kf3 47. d8=Q
Rxd8 48. Kxd8 Kg2 49. Ke7 Kxh2 50. g4 h5 51. g5 h4 52. Kf6 h3 53. Kxg6 Kg1 54.
Kf7 h2 55. g6 h1=Q 56. g7 Qf3+ 57. Kg6 Qg4+ 58. Kf7 Qf5+ 59. Ke7 Qg6 60. Kf8 Qf6+
61. Kg8 Kg2 62. Kh7 Qf7 63. Kh8 Qh5+ 64. Kg8 Kg3 65. Kf8 Qf5+ 66. Ke7 Qg6 67.
Kf8 Qf6+ 0-1

[Event "DMP - III LIGA SZACHOWA SENIOROW PK 2020"]
[Site "Bystre"]
[Date "1899-12-30"]
[Round "7.25"]
[White "Lach, Dariusz"]
[Black "Lopuszanski, Kamil"]
[Result "0-1"]
[WhiteTitle "I"]
[BlackTitle "I+"]
[WhiteElo "1748"]
[BlackElo "1995"]

1. d4 Nf6 2. Bf4 g6 3. c3 Bg7 4. Nf3 O-O 5. e3 b6 6. Be2 d5 7. h3 Bb7 8. O-O Nbd7
9. Ne5 c5 10. Nd2 a6 11. Re1 Ne8 12. Nxd7 Qxd7 13. Nf3 Nd6 14. Rc1 c4 15. Nd2
b5 16. a3 f6 17. Bg4 e6 18. Bg3 Rae8 19. Bxd6 Qxd6 20. Bf3 e5 21. g3 e4 22. Bg2
Bc6 23. Nf1 Rf7 24. Ra1 f5 25. Nd2 g5 26. Nf1 f4 27. Rc1 Bd7 28. exf4 gxf4 29.
f3 fxg3 30. fxe4 dxe4 31. Rc2 Ref8 32. Ree2 h5 33. Qe1 h4 34. Ne3 Rf3 35. Ng4
Bf5 36. Rxe4 Bxe4 37. Qxe4 R3f4 38. Qd5+ Qxd5 39. Bxd5+ Kh7 40. Bg2 Re8 0-1

[Event "DMP - III LIGA SZACHOWA SENIOROW PK 2020"]
[Site "Bystre"]
[Date "1899-12-30"]
[Round "7.26"]
[White "Mazurkiewicz, Andrzej"]
[Black "Lach, Ireneusz"]
[Result "1-0"]
[WhiteTitle "I"]
[BlackTitle "I"]
[WhiteElo "1608"]
[BlackElo "1897"]

1. d4 Nf6 2. c4 d6 3. Nc3 Nbd7 4. e4 g6 5. Be2 Bg7 6. Bg5 h6 7. Bh4 c5 8. d5 a6
9. f4 Qa5 10. Qd2 O-O 11. Nf3 Re8 12. O-O Nh7 13. Be1 Qc7 14. Rd1 Ndf8 15. h3
h5 16. Bg3 Bd7 17. e5 Rad8 18. Kh2 Qc8 19. Bh4 Bf5 20. Bd3 Bxd3 21. Qxd3 f6 22.
e6 f5 23. Rg1 Nf6 24. Ng5 Qa8 25. Nf7 N8h7 26. Nxd8 Qxd8 27. g4 hxg4 28. hxg4
Nxg4+ 29. Rxg4 fxg4 30. Qxg6 Kh8 31. Qf7 Bf6 32. Bxf6+ exf6 33. Kg3 Re7 34. Qh5
Rg7 35. Rh1 Qe7 36. f5 Kg8 37. Ne4 b6 38. Rh4 Kf8 39. Rxg4 Rxg4+ 40. Kxg4 Qc7
41. Nxd6 Qd8 1-0

[Event "DMP - III LIGA SZACHOWA SENIOROW PK 2020"]
[Site "Bystre"]
[Date "1899-12-30"]
[Round "7.27"]
[White "Janzer, Hubert"]
[Black "Chowaniec, Artur"]
[Result "1/2-1/2"]
[WhiteTitle "I++"]
[BlackTitle "I"]
[WhiteElo "1893"]
[BlackElo "1530"]

1. d4 d5 2. Bf4 c5 3. c3 cxd4 4. cxd4 Qb6 5. Qd2 Nc6 6. e3 Bf5 7. Nc3 e6 8. Nf3
h6 9. Be2 Nf6 10. Ne5 Nxe5 11. Bxe5 Bb4 12. f3 O-O 13. Bxf6 gxf6 14. g4 Bg6 15.
h4 Kg7 16. h5 Bh7 17. Rc1 Rac8 18. a3 Bxc3 19. Rxc3 Rc6 20. O-O Qc7 21. Kg2 f5
22. Rxc6 Qxc6 23. Rc1 Qd7 24. Qc3 fxg4 25. fxg4 Be4+ 26. Kh3 f5 27. Qc7 Qxc7 28.
Rxc7+ Rf7 29. Rc5 b6 30. Rc6 Kf6 31. Rc8 fxg4+ 32. Bxg4 Bf5 33. Rh8 Kg7 34. Ra8
Kf6 35. Kh4 Bxg4 36. Kxg4 Rc7 37. Kf4 Rf7 38. b4 Ke7+ 39. Kg4 Rg7+ 40. Kh4 Kf6
41. Rh8 Kf5 42. Rxh6 Rg4+ 43. Kh3 Re4 44. Rg6 Rxe3+ 45. Kh2 Re4 46. Rg7 a5 47.
Kg3 axb4 48. axb4 Rxd4 49. h6 Rd3+ 50. Kh2 Kf6 51. Rg2 Rd4 52. Kh3 Rd3+ 1/2-1/2

[Event "DMP - III LIGA SZACHOWA SENIOROW PK 2020"]
[Site "Bystre"]
[Date "1899-12-30"]
[Round "7.28"]
[White "Wrobel, Dariusz"]
[Black "Lach, Tomasz"]
[Result "0-1"]
[WhiteTitle "II+"]
[BlackTitle "I"]
[WhiteElo "1427"]
[BlackElo "1833"]

1. e4 c6 2. d4 d5 3. exd5 cxd5 4. Nf3 Nf6 5. Bb5+ Bd7 6. Qd3 a6 7. Bxd7+ Nbxd7
8. O-O e6 9. Re1 Be7 10. Bg5 O-O 11. Nbd2 Rc8 12. Re2 Qc7 13. c3 Nb6 14. Ne5 Na4
15. Qc2 b5 16. f3 Nb6 17. a3 Nc4 18. Nf1 Rfe8 19. Rae1 Nxe5 20. Rxe5 Nd7 21. Bxe7
Nxe5 22. Bh4 Nc6 23. Qf2 a5 24. Bg3 Qb7 25. Bd6 b4 26. axb4 axb4 27. Bc5 bxc3
28. bxc3 Qb3 29. Qe3 Ra8 30. h4 Ra2 31. h5 Qc2 32. Qg5 Qf2+ 33. Kh2 h6 34. Qg3
Qxg3+ 35. Kxg3 Rb8 36. Ne3 Rbb2 37. Kf4 f6 38. g4 Kf7 39. Kg3 Re2 40. Rxe2 Rxe2
41. Nd1 Rd2 42. Ne3 Rd3 43. Kf2 Rxc3 44. Ke2 Rb3 45. f4 Na5 46. Nc2 Rg3 47. Ne3
Nc4 0-1

[Event "DMP - III LIGA SZACHOWA SENIOROW PK 2020"]
[Site "Bystre"]
[Date "1899-12-30"]
[Round "8.1"]
[White "Stefanski, Robert"]
[Black "Lopuszanski, Kamil"]
[Result "0-1"]
[WhiteTitle "k"]
[BlackTitle "I+"]
[WhiteElo "1649"]
[BlackElo "1995"]

1. e3 Nf6 2. d4 g6 3. Nf3 Bg7 4. c4 O-O 5. Be2 d6 6. O-O Nbd7 7. Nc3 c6 8. b3 Qc7
9. Bb2 e5 10. dxe5 dxe5 11. Ba3 Re8 12. Bd6 Qd8 13. e4 Bf8 14. Bxf8 Rxf8 15. Qd6
Ne8 16. Qd2 Qc7 17. Rad1 f6 18. h3 Nc5 19. Ne1 Ne6 20. Nd3 g5 21. Qe3 Bd7 22.
Bg4 b6 23. Ne2 N8g7 24. Ng3 Nd4 25. Bxd7 Qxd7 26. Rd2 h5 27. Rfd1 h4 28. Ne2 c5
29. Nc3 Nge6 30. g3 hxg3 31. fxg3 Kg7 32. Nd5 g4 33. hxg4 Ng5 34. Nxe5 Qe6 35.
Nxf6 Qxf6 36. Nd7 Qh6 37. Nxf8 Ngf3+ 38. Kf1 Qh3+ 39. Rg2 0-1

[Event "DMP - III LIGA SZACHOWA SENIOROW PK 2020"]
[Site "Bystre"]
[Date "1899-12-30"]
[Round "8.7"]
[White "Lorenc, Marian"]
[Black "Lach, Dariusz"]
[Result "1-0"]
[WhiteTitle "k"]
[BlackTitle "I"]
[WhiteElo "2124"]
[BlackElo "1748"]

1. e4 e6 2. d4 d5 3. Nc3 dxe4 4. Nxe4 Be7 5. Nf3 Nf6 6. Bd3 h6 7. Qe2 Nbd7 8. Bd2
Nxe4 9. Qxe4 Nf6 10. Qe2 c6 11. O-O-O Bd7 12. Ne5 Qc7 13. f4 Rf8 14. Rhe1 O-O-O
15. f5 exf5 16. Nxd7 1-0

[Event "DMP - III LIGA SZACHOWA SENIOROW PK 2020"]
[Site "Bystre"]
[Date "1899-12-30"]
[Round "8.13"]
[White "Marut, Leszek"]
[Black "Kopacz, Lukasz"]
[Result "1/2-1/2"]
[WhiteTitle "I"]
[BlackTitle "I+"]
[WhiteElo "1863"]
[BlackElo "1913"]

1. d4 c5 2. e3 Nf6 3. Nf3 g6 4. Be2 Bg7 5. O-O b6 6. c4 O-O 7. Nc3 Bb7 8. d5 d6
9. e4 Nbd7 10. h3 a6 11. Be3 Qc7 12. Qd2 Rfe8 13. Bh6 Bh8 14. Ng5 e5 15. dxe6
fxe6 16. Rad1 d5 17. exd5 exd5 18. cxd5 1/2-1/2

[Event "DMP - III LIGA SZACHOWA SENIOROW PK 2020"]
[Site "Bystre"]
[Date "1899-12-30"]
[Round "8.14"]
[White "Baniak, Lukasz"]
[Black "Dobrzanski, Krzysztof"]
[Result "1-0"]
[WhiteTitle "I++"]
[BlackTitle "II+"]
[WhiteElo "1939"]
[BlackElo "1722"]

1. e4 c5 2. Nc3 Nc6 3. f4 d6 4. Nf3 g6 5. Bb5 Bg7 6. O-O Bg4 7. h3 Bd7 8. Bxc6
Bxc6 9. d3 Qc7 10. Bd2 O-O-O 11. Rb1 e6 12. b4 b6 13. a4 Ne7 14. bxc5 bxc5 15.
Nb5 Bxb5 16. axb5 Kd7 17. Qe1 Rb8 18. Ng5 h6 19. Nxf7 Rhf8 20. f5 Rxf7 21. fxe6+
Kxe6 22. Qh4 Rf6 23. Qg4+ Kf7 24. Bc3 Rf8 25. Bxf6 Bxf6 26. Rf3 Kg7 27. Rbf1 Ng8
28. Kh1 Qe7 29. Rg3 Qe8 30. c4 h5 31. Qe2 Qe5 32. Rgf3 Ne7 33. Qa2 Nc8 34. Qa6
Qe8 35. d4 Qe7 36. e5 dxe5 37. dxc5 e4 38. Re1 e3 39. b6 Qxc5 40. b7 Nd6 41. Rxf6
Rxf6 42. b8=Q e2 43. Qbxa7+ Qxa7 44. Qxa7+ 1-0

[Event "DMP - III LIGA SZACHOWA SENIOROW PK 2020"]
[Site "Bystre"]
[Date "1899-12-30"]
[Round "8.17"]
[White "Materniak, Aleksander"]
[Black "Bialek, Filip"]
[Result "1-0"]
[WhiteTitle "II"]
[BlackTitle "II"]
[WhiteElo "1660"]
[BlackElo "1026"]

1. e4 d5 2. exd5 Qxd5 3. Nc3 Qd6 4. Nf3 Nf6 5. d4 c6 6. Bg5 h6 7. Bh4 Bg4 8. Be2
Nbd7 9. Qd2 e6 10. h3 Bh5 11. g4 Bg6 12. a3 Qc7 13. O-O-O Bd6 14. Kb1 b5 15. Bd3
Bxd3 16. Qxd3 a5 17. Ne4 Nxe4 18. Qxe4 O-O 19. g5 hxg5 20. Bxg5 a4 21. Rdg1 b4
22. Bh6 g6 23. Rxg6+ Kh8 24. Bg7+ Kg8 25. Bf6+ Kh7 26. Rg7+ Kh6 27. Qh4# 1-0

[Event "DMP - III LIGA SZACHOWA SENIOROW PK 2020"]
[Site "Bystre"]
[Date "1899-12-30"]
[Round "8.19"]
[White "Piekarski, Lukasz"]
[Black "Miasik, Adrian"]
[Result "1/2-1/2"]
[WhiteTitle "I"]
[BlackTitle "I++"]
[WhiteElo "1901"]
[BlackElo "1881"]

1. e4 e5 2. Nf3 Nc6 3. d4 exd4 4. Bc4 Nf6 5. e5 d5 6. Bb5 Ne4 7. Nxd4 Bd7 8. Bxc6
bxc6 9. O-O Bc5 10. Be3 Bb6 11. f3 Ng5 12. Qd2 Ne6 13. Nb3 O-O 14. Nc3 Qe7 15.
Na4 Rad8 16. Rfd1 Rfe8 17. Qc3 Nf4 18. Re1 Ng6 19. Nac5 Qxe5 20. Bd4 Qd6 21. Nb7
Qf4 22. Nxd8 Rxd8 23. g3 Qf5 24. a4 h5 25. a5 Bxd4+ 26. Nxd4 Qf6 27. f4 h4 28.
Re3 Qd6 29. b4 Rb8 30. f5 Ne5 31. Nb3 f6 32. Nc5 Bxf5 33. Rf1 Bh3 34. Rfe1 Bf5
35. Rf1 Bg6 36. Qd4 h3 37. c3 Rd8 38. Rfe1 1/2-1/2

[Event "DMP - III LIGA SZACHOWA SENIOROW PK 2020"]
[Site "Bystre"]
[Date "1899-12-30"]
[Round "8.20"]
[White "Ciasnocha, Michal"]
[Black "Pasionek, Ariel"]
[Result "1/2-1/2"]
[WhiteTitle "I+"]
[BlackTitle "I"]
[WhiteElo "1795"]
[BlackElo "1914"]

1. d4 Nf6 2. Nf3 g6 3. g3 Bg7 4. Bg2 O-O 5. O-O d6 6. b3 c6 7. Bb2 Bg4 8. Nbd2
Qc7 9. e4 Nbd7 10. Re1 e5 11. h3 Bxf3 12. Nxf3 Rfd8 13. Qe2 Nh5 14. Rad1 Nf8 15.
dxe5 dxe5 16. Rxd8 Rxd8 17. Rd1 Rxd1+ 18. Qxd1 Qd7 1/2-1/2

[Event "DMP - III LIGA SZACHOWA SENIOROW PK 2020"]
[Site "Bystre"]
[Date "1899-12-30"]
[Round "8.25"]
[White "Kopczyk, Daniel"]
[Black "Zgoda, Damian"]
[Result "1-0"]
[WhiteTitle "k"]
[BlackTitle "I"]
[WhiteElo "2137"]
[BlackElo "1672"]

1. e4 g6 2. d4 Bg7 3. Nc3 d6 4. Bc4 a6 5. a4 b6 6. Nf3 e6 7. O-O Ne7 8. Bg5 Nd7
9. Qd2 h6 10. Bh4 Bb7 11. Rfe1 g5 12. Bg3 Ng6 13. h3 Nf6 14. Rad1 Nh5 15. Bh2
Nhf4 16. Ne2 Nxe2+ 17. Qxe2 h5 18. d5 e5 19. Nd2 Nf4 20. Bxf4 gxf4 21. Qd3 h4
22. Qc3 Rg8 23. Be2 Bc8 24. Bg4 Bf6 25. f3 Bd7 26. Bxd7+ Qxd7 27. Qc6 Ke7 28.
Qxd7+ Kxd7 29. Nf1 Bg5 30. Rd3 Rab8 31. Nd2 Rgc8 32. Rd1 Bf6 33. c3 Be7 34. Nc4
Bf6 35. Na3 Be7 36. Nc2 Rg8 37. Nb4 Ra8 38. Nc6 Rg6 39. b4 Rgg8 40. c4 Rgc8 41.
Ra1 Bf8 42. a5 Be7 43. axb6 cxb6 44. Rda3 a5 45. bxa5 bxa5 46. Rxa5 Rxa5 47. Rxa5
Bd8 48. Ra7+ Bc7 49. Kf1 Rg8 50. c5 Re8 51. cxd6 Kxd6 52. Ra6 Kc5 53. Ra2 Rg8
54. Rc2+ Kd6 55. Nxe5 Kxe5 56. Rxc7 f5 57. Re7+ Kd4 58. d6 Rd8 59. exf5 Rxd6 60.
Re4+ Kd3 61. Rxf4 1-0

[Event "DMP - III LIGA SZACHOWA SENIOROW PK 2020"]
[Site "Bystre"]
[Date "1899-12-30"]
[Round "8.26"]
[White "Smusz, Kamil"]
[Black "Mrozowski, Patryk"]
[Result "1/2-1/2"]
[WhiteTitle "I"]
[BlackTitle "I++"]
[WhiteElo "1922"]
[BlackElo "2065"]

1. d4 Nf6 2. Bf4 c5 3. e3 d5 4. c3 Nc6 5. Nd2 Bf5 6. Qb3 Qb6 7. dxc5 Qxb3 8. axb3
e5 9. Bg3 Bxc5 10. b4 Bd6 11. Ngf3 1/2-1/2